DAVIDSON'S PRINCIPLES AND PRACTICE OF MEDICINE (Record no. 16920)
[ view plain ]
| 000 -LEADER | |
|---|---|
| fixed length control field | 00410nam a22001697a 4500 |
| 003 - CONTROL NUMBER IDENTIFIER | |
| control field | SGT |
| 020 ## - INTERNATIONAL STANDARD BOOK NUMBER | |
| International Standard Book Number | 978-0-7020-7027-3 |
| 082 ## - DEWEY DECIMAL CLASSIFICATION NUMBER | |
| Classification number | 616 |
| Item number | D18R |
| 100 ## - MAIN ENTRY--PERSONAL NAME | |
| Personal name | RALSTONE, STUART |
| 245 ## - TITLE STATEMENT | |
| Title | DAVIDSON'S PRINCIPLES AND PRACTICE OF MEDICINE |
| 250 ## - EDITION STATEMENT | |
| Edition statement | 23RD |
| 260 ## - PUBLICATION, DISTRIBUTION, ETC. (IMPRINT) | |
| Place of publication, distribution, etc | NEW DELHI |
| Name of publisher, distributor, etc | ELSEVIER |
| Year of Publication | 2018 |
| 300 ## - PAGE DESCRIPTION | |
| No. of Pages | 1417 |
| 650 ## - SUBJECT ADDED ENTRY--TOPICAL TERM | |
| Topical term or geographic name as entry element | AYURVEDA |
| 653 ## - KEYWORDS--INDEX TERM | |
| Keyword term | MEDICINE, PRACTICE, MEDICINE, |
| 942 ## - ADDED ENTRY ELEMENTS (KOHA) | |
| Source of classification or shelving scheme | Dewey Decimal Classification |
| Koha item type | Books |
| 942 ## - ADDED ENTRY ELEMENTS (KOHA) | |
| -- | 29 |
| Withdrawn status | Lost status | Source of classification or shelving scheme | Damaged status | Not for loan | Collection code | Home library | Current library | Shelving location | Date acquired | Vendor Name | Cost, normal purchase price | SGTU | Bill Number | Total Checkouts | Full call number | Accession No. (Barcode) | Date last seen | Date last borrowed | Bill Date | Koha item type |
|---|---|---|---|---|---|---|---|---|---|---|---|---|---|---|---|---|---|---|---|---|
| Dewey Decimal Classification | AYURVEDA | SGT FA-FP Library | SGT FA-FP Library | Text Book | 18/02/2019 | AHUJA PUB | 2395.00 | SGTU | 10644 | 1 | 616 D18R | FA10092 | 22/03/2023 | 22/03/2023 | 07/02/2019 | Books | ||||
| Dewey Decimal Classification | AYURVEDA | SGT FA-FP Library | SGT FA-FP Library | Text Book | 18/02/2019 | AHUJA PUB | 2395.00 | SGTU | 10644 | 31 | 616 D18R | FA10093 | 15/09/2025 | 30/08/2025 | 07/02/2019 | Books | ||||
| Dewey Decimal Classification | AYURVEDA | SGT FA-FP Library | SGT FA-FP Library | Text Book | 18/02/2019 | AHUJA PUB | 2395.00 | SGTU | 10644 | 24 | 616 D18R | FA10094 | 24/11/2025 | 12/11/2025 | 07/02/2019 | Books | ||||
| Dewey Decimal Classification | AYURVEDA | SGT FA-FP Library | SGT FA-FP Library | Text Book | 18/02/2019 | AHUJA PUB | 2395.00 | SGTU | 10644 | 38 | 616 D18R | FA10095 | 12/05/2026 | 12/05/2026 | 07/02/2019 | Books | ||||
| Dewey Decimal Classification | AYURVEDA | SGT FA-FP Library | SGT FA-FP Library | Text Book | 18/02/2019 | AHUJA PUB | 2395.00 | SGTU | 10644 | 25 | 616 D18R | FA10096 | 03/12/2024 | 03/12/2024 | 07/02/2019 | Books |